61 Essential Postmodernist Novels - Statistics

General Stats
  • This quiz has been taken 80 times
    67 since last reset
  • The average score is 12 of 61
Answer Stats
Hint Answer % Correct
John Berger G
75%
Thomas Pynchon Gravity's Rainbow
71%
Kurt Vonnegut Slaughterhouse Five
69%
David Foster Wallace Infinite Jest
64%
William S. Burroughs Naked Lunch
64%
Vladimir Nabokov Pale Fire
47%
Nathaniel Hawthorne The Scarlet Letter
45%
William Faulkner Absalom! Absalom!
42%
Franz Kafka Metamorphosis
42%
William Shakespeare Hamlet
40%
Roberto Bolano 2666
36%
Mark Danielewski House of Leaves
33%
Italo Calvino If on a winter's night a traveler
31%
Laurence Sterne The Life and Opinions of Tristram Shandy
31%
Haruki Murakami The Wind-Up Bird Chronicle
29%
Julio Cortazar Hopscotch
25%
William Gaddis JR
25%
Paul Auster New York Trilogy
25%
Jonathan Safran Foer Everything is Illuminated
24%
Tim O'Brien The Things They Carried
24%
Flann O'Brien At Swim-Two-Birds
22%
Jorge Luis Borges Labyrinths
22%
W. G. Sebald The Rings of Saturn
20%
Dave Eggers A Heartbreaking Work of Staggering Genius
18%
Phillip K. Dick The Man in the High Castle
18%
William Gass The Tunnel
18%
Margaret Atwood The Blind Assassin
16%
David Markson Wittgenstein's Mistress
16%
JG Ballard The Atrocity Exhibition
15%
Joseph McElroy Women and Men
15%
John Barth Giles Goat-Boy
13%
Jonathan Lethem Motherless Brooklyn
13%
Donald Barthelme 60 Stories
11%
Thomas Bernhard The Loser
11%
Nicholson Baker The Mezzanine
11%
Robert Burton Anatomy of Melancholy
9%
Gilbert Sorrentino Mulligan Stew
9%
Tom McCarthy Remainder
9%
Philip Roth The Counterlife
9%
John Hawkes The Lime Twig
9%
Michael Herr Dispatches
7%
Don Delillo Great Jones Street
7%
Mila Kundera The Book of Laughter and Forgetting
7%
Harvey Pekar American Splendor
5%
Art Spiegelman Maus I and II
5%
Ben Marcus Notable American Women
5%
Donald Antrim The Hundred Brothers
5%
Robert Coover The Universal Baseball Association, Henry J. Waugh, Proprietor
5%
Steve Erickson Tours of the Black Clock
5%
E. L. Doctorow City of God
4%
Steven Millhauser Edwin Mullhouse
4%
Colson Whitehead John Henry Days
4%
Stanley Crawford Log of the S.S. Mrs. Unguentine
4%
Aleksander Hemon The Lazarus Project
4%
Geoff Dyer Out of Sheer Rage: Wrestling with D. H. Lawrence
2%
Scarlett Thomas PopCo
2%
Christopher Sorrentino Trance
2%
Percival Everett I Am Not Sidney Poitier
0%
Kathy Acker In Memorium to Identity
0%
Shelley Jackson Skin
0%
Umberto Eco The Mysterious Queen of Loana
0%
No matching quizzes found
Score Distribution
Percent of People with Each Score
Percentile by Number Answered
Your Score History
You have not taken this quiz since the last reset